LEADER 01054nam a2200253 i 4500 001 991001507289707536 008 060301s2005 it b 000 0 ita d 020 $a8838728844 035 $ab13383152-39ule_inst 040 $aDip.to Studi Giuridici$bita 082 0 $a361.610945 100 1 $aCesari, Marina $0115322 245 12$aI servizi sociali :$bil nuovo ruolo dei Comuni nella organizzazione e gestione del sistema integrato di welfare /$cMarina Cesari 260 $aSantarcangelo di Romagna :$bMaggioli,$cc2005 300 $a198 p. ;$c21 cm 440 3$aLe guide per gli amministratori dell'ente locale ;$v6 504 $aInclude riferimenti bibliografici (p. 196-198) 650 4$aAssistenza sociale$xRuolo dei comuni$zItalia 907 $a.b13383152$b21-09-06$c01-03-06 912 $a991001507289707536 945 $aLE027 361.61 CES01.01$g1$i2027000117925$lle027$o-$pE20.00$q-$rl$s- $t0$u6$v1$w6$x0$y.i14199233$z01-03-06 996 $aServizi sociali$91090305 997 $aUNISALENTO 998 $ale027$b01-03-06$cm$da $e-$fita$git $h2$i0